000 00768cam a2200253 4500
999 _c7479
_d7479
001 7479
003 BD-JhCC
005 20180211102812.0
008 680301s1968 nyua 000 0 eng
035 _a(BD-JhCC)7479
040 _aDLC
_cDLC
_dDLC
_dBD-JhCC
041 _aeng
050 0 0 _aPE1122
_b.B8
082 0 0 _a808.04/275
_bBUC 1968
100 1 _aBuckler, William Earl,
_d1924-
245 1 2 _aA preface to our times :
_bcontemporary thought in traditional rhetorical forms /
_cWilliam E. Buckler
260 _a[New York]
_bAmerican Book Co.
_c[1968]
300 _axviii, 1037 p.
_billus.
_c25 cm.
650 0 _aCollege readers.
650 0 _aReaders
_xCurrent events.
650 0 _aCurrent events
_xProblems, exercises, etc.
942 _2ddc
_cBK